4-Word Book Title Match-Up Quiz Stats

 Plays Quiz Updated Mar 15, 2015

Challenge
Share
Tweet
Score 0/24 Timer 06:00
1 Play Today
% Correct
Alice's
98.2%
To
98.1%
Gone
93.3%
Tinker
88.2%
From
83.1%
A
77.8%
Valley
77.4%
Tender
75.9%
The
75.6%
Clear
74.9%
Where
72.8%
As
72%
% Correct
Strangers
70.4%
All
70.2%
The
70%
You
70%
Rich
69.9%
Sarah
64.7%
Like
62.1%
A
61.5%
Remembrance
57%
Cry
56.2%
The
53.9%
Sometimes
44.9%

You're not logged in!

Compare scores with friends on all Sporcle quizzes.
OR
Log In

You Might Also Like...

Show Comments

Extras

Top Quizzes Today


Score Distribution

Your Account Isn't Verified!

In order to create a playlist on Sporcle, you need to verify the email address you used during registration. Go to your Sporcle Settings to finish the process.

Report this User

Report this user for behavior that violates our Community Guidelines.

Details: